الناصرية بمنظور نقدي : (Record no. 7871)

MARC details
000 -الفاتح
حقل البيانات ثابتة الطول 01119nac a22002651i 4500
003 - محدد رقم الضبط
رقم الضبط EG-ScBUE
005 - وقت وتاريخ اخر تعامل مع التسجيلة
رقم الضبط 20240815100713.0
008 - عناصر البيانات ثابتة الطول - معلومات عامة
حقل البيانات ثابتة الطول 121017s2002 le f b 000 0dara d
040 ## - مصدر الفهرسة
وكالة الفهرسة الأصلية EG-ScBUE
لغة الفهرسة ara
قواعد الوصف rda
وكالة النسخ EG-ScBUE
وكالة التعديل EG-ScBUE
043 ## - رمز المنطقة الجغرافية
رمز المنطقة الجغرافية f-ua---
082 04 - رقم تصنيف ديوى العشرى
رقم التصنيف 962.053
رقم المادة أ ن ص
رقم الطبعة 22
100 1# - المدخل الرئيسى - إسم شخصى
الإسم الشخصى أنصاري، محمد جابر،‏
التواريخ المصاحبة للاسم 1939-‏
الدور مؤلف.
245 12 - بيان العنوان
العنوان الناصرية بمنظور نقدي :
بقية العنوان أي دروس للمستقبل؟ : تجربة فكر : عبر نصف قرن /
بيان المسئوليه,etc د. محمد جابر الأنصاري.
250 ## - بيان الطبعة
بيان الطبعة الطبعة الأولى.
264 #1 - النشر، التوزيع
مكان الناشر او الموزع بيروت :
اسم الناشر او الموزع المؤسسة العربية للدراسات والنشر،
تاريخ النشر أو التوزيع 2002.
300 ## - الوصف المادى
التعداد 188 صفحة ؛
أبعاد الوعاء 24 سم
336 ## - نوع المحتوى
source rdacontent
Carrier Type Term نص
Content Type Code txt
337 ## - نوع الوسيط
Media Type Term بدون وسيط
source rdamedia
Media Type Code n
338 ## - نوع الحامل أو الناقل
Carrier Type Term مجلد
Carrier Type Code nc
source rdacarrier
504 ## - تبصرة ببليوجرافية
تبصرة ببليوجرافية,الخ يشتمل عى إرجاعات ببليوجرافية.
600 17 - المدخل الاضافى بالموضوع-اسم شخصى
مصدر الرأس أو المصطلح BUEsh
الإسم الشخصى عبد الناصر، جمال،
التواريخ المصاحبة للاسم 1918-1970.
651 #7 - المدخل الاضافى بالموضوع - اسم جغرافى
الاسم الجغرافي مصر
التقسيم الفرعي العام تاريخ
التقسيم الفرعي الزمني جمال عبد الناصر (1954-1970).
مصدر الرأس أو المصطلح BUEsh
9 (RLIN) 27900
655 ## - مصطلح تكشيفى-نوع/شكل
التقسيم الفرعي الشكلي Reading book
942 ## - عناصر المدخل الإضافي( كوها)
Koha [default] item type Book - Borrowing
مصدر التصنيف او مخطط الترفيف Dewey Decimal Classification
Holdings
حالة التراجع حالة الفقد مصدر التصنيف او خطة الترفيف حالة تلف ليس للاعارة مجموعات كوها المكان الدائم المكان الحالي موقع الترفيف تاريخ الاكتساب Source of acquisition رقم الاستدعاء الباركود Date last seen مُعار التكلفة نوع الوعاء
    Dewey Decimal Classification     Alef-Baa Central Library Central Library Second Floor 08/02/2011 Purchase 962.053 أ ن ص 000009662 15/07/2025 08/11/2016 25.00 Book - Borrowing